Udalosti po dni, ku ktorému sa zostavuje účtovná závierka v účtovníctve ROPO a obcí
Udalosti po dni, ku ktorému sa zostavuje účtovná závierka, predstavujú problematiku v účtovníctve verejného sektora, ktorá je riešená v štandarde IPSAS14 - Udalosti po dni ku ktorému sa zostavuje účtovná závierka (IPSAS14-events after reporting date). Ciele štandardu IPSAS 14.
Gespeichert in:
| 1. Verfasser: | |
|---|---|
| Format: | Buchkapitel |
| Sprache: | Slowakisch |
| Schlagworte: | |
| Tags: |
Keine Tags, Fügen Sie das erste Tag hinzu!
|
MARC
| LEADER | 00000naa$a2200000$$$4500 | ||
|---|---|---|---|
| 001 | 0111871 | ||
| 005 | 20240502072235.8 | ||
| 041 | 0 | |a slo | |
| 044 | |a SK | ||
| 245 | 1 | 0 | |a Udalosti po dni, ku ktorému sa zostavuje účtovná závierka v účtovníctve ROPO a obcí |c Marianna Kršeková |
| 520 | |a Udalosti po dni, ku ktorému sa zostavuje účtovná závierka, predstavujú problematiku v účtovníctve verejného sektora, ktorá je riešená v štandarde IPSAS14 - Udalosti po dni ku ktorému sa zostavuje účtovná závierka (IPSAS14-events after reporting date). Ciele štandardu IPSAS 14. | ||
| 610 | 2 | 0 | |a sektor verejný |
| 610 | 2 | 0 | |a štandardy účtovné medzinárodné |
| 610 | 2 | 0 | |a závierka účtovná |
| 610 | 2 | 0 | |a Slovensko |
| 100 | 1 | |a Kršeková, Marianna | |